[Event "XXX Memorial Edoardo Crespi B"]
[Site "Milano ITA"]
[Date "2009.12.07"]
[Round "5"]
[White "Silari, Andrea"]
[Black "Olivieri, Alessandro"]
[Result "0-1"]
[WhiteElo "1797"]
[BlackElo "1800"]
[PlyCount "68"]
[EventDate "2009.12.04"]

1. e4 d6 2. d4 Nf6 3. Nc3 g6 4. Nf3 Bg7 5. Bc4 c6 6. a4 O-O 7. O-O Nxe4 8. Nxe4
d5 9. Bd3 dxe4 10. Bxe4 Bg4 11. c3 Nd7 12. h3 Nf6 13. Bc2 Be6 14. Bf4 Qb6 15.
b4 a5 16. Rb1 Nd5 17. bxa5 Qxa5 18. Bd2 Qc7 19. Ng5 Bd7 20. Re1 c5 21. c4 Nb6
22. dxc5 Nxc4 23. Rxe7 Bf6 24. Re1 Rad8 25. Ne4 Be5 26. Nd6 Nxd6 27. Rxe5 Nc4
28. Re2 Rfe8 29. Qe1 Qxc5 30. Bb4 Qc8 31. Rxe8+ Rxe8 32. Qc3 Nb6 33. Qxc8 Rxc8
34. Be4 Nxa4 0-1

[Event "XXX Memorial Edoardo Crespi B"]
[Site "Milano ITA"]
[Date "2009.12.07"]
[Round "5"]
[White "Vallone, Ugo"]
[Black "Olivo, Mario"]
[Result "1-0"]
[WhiteElo "1784"]
[BlackElo "1827"]
[PlyCount "81"]
[EventDate "2009.12.04"]

1. Nf3 Nf6 2. b4 e6 3. a3 d5 4. d4 b6 5. e3 Nbd7 6. Bb5 Be7 7. Ne5 Bb7 8. Bc6
Qc8 9. Bb2 O-O 10. b5 Nxe5 11. dxe5 Nd7 12. c4 Bxc6 13. bxc6 Nc5 14. cxd5 exd5
15. O-O Qe6 16. Nc3 Rfd8 17. Nb5 Qxc6 18. Nd4 Qa4 19. Nf5 Bf8 20. Qe2 g6 21.
Nd4 Ne6 22. f4 Nxd4 23. exd4 Qd7 24. f5 gxf5 25. Qh5 Re8 26. Rxf5 Bg7 27. Raf1
Re7 28. Bc1 Qe6 29. Rf6 Bxf6 30. exf6 Qe4 31. fxe7 Qxe7 32. Bg5 Qe6 33. Bf6 Qe4
34. Qg5+ Qg6 35. Qxd5 Re8 36. Qd7 Qe4 37. Qxc7 Qe3+ 38. Kh1 Qxa3 39. Qd7 Re4
40. Qc8+ Qf8 41. Qf5 1-0

[Event "XXX Memorial Edoardo Crespi B"]
[Site "Milano ITA"]
[Date "2009.12.07"]
[Round "5"]
[White "Virzi, Ettore"]
[Black "Perrotta, Leopoldo"]
[Result "1-0"]
[WhiteElo "1974"]
[BlackElo "1843"]
[PlyCount "35"]
[EventDate "2009.12.04"]

1. e4 c5 2. Nf3 e6 3. d4 cxd4 4. Nxd4 Nc6 5. Nc3 a6 6. Be3 Qc7 7. Bd3 Bb4 8.
O-O Nf6 9. f4 Nxd4 10. Bxd4 Bc5 11. Bxc5 Qxc5+ 12. Kh1 b5 13. e5 Nd5 14. Ne4
Qb6 15. Nd6+ Kf8 16. Qh5 g6 17. Qh6+ Kg8 18. Ne8 1-0

[Event "XXX Memorial Edoardo Crespi B"]
[Site "Milano ITA"]
[Date "2009.12.07"]
[Round "6"]
[White "Alidosi, Marco"]
[Black "Di Paola, Antonio"]
[Result "1-0"]
[WhiteElo "1789"]
[BlackElo "1749"]
[PlyCount "59"]
[EventDate "2009.12.04"]

1. Nf3 Nf6 2. g3 d5 3. Bg2 e6 4. d3 c6 5. Nbd2 Be7 6. O-O O-O 7. Re1 Nbd7 8. e4
a5 9. e5 Ne8 10. Qe2 c5 11. Nf1 Nc7 12. h4 Nb6 13. N1h2 Bd7 14. h5 h6 15. Ng4
Kh7 16. Bf4 Nb5 17. c3 c4 18. d4 Nc7 19. Qd2 Rg8 20. Bxh6 g5 21. hxg6+ Rxg6 22.
Bh3 Qg8 23. Qf4 Ne8 24. Kg2 Na4 25. Rab1 b5 26. Rh1 Ng7 27. Nf6+ Bxf6 28. exf6
Nh5 29. Ng5+ Kxh6 30. Bg4 1-0

[Event "XXX Memorial Edoardo Crespi B"]
[Site "Milano ITA"]
[Date "2009.12.07"]
[Round "6"]
[White "Andreoni, Giuseppe"]
[Black "Oteri, Aldo"]
[Result "1-0"]
[WhiteElo "2037"]
[BlackElo "1826"]
[PlyCount "55"]
[EventDate "2009.12.04"]

1. e4 e6 2. d4 d5 3. Nc3 Bb4 4. e5 c5 5. a3 Bxc3+ 6. bxc3 Ne7 7. h4 Nbc6 8. h5
cxd4 9. cxd4 Nf5 10. c3 Bd7 11. Bd3 Na5 12. Qg4 Qc7 13. Ne2 Nb3 14. Rb1 Nxc1
15. Rxc1 Kf8 16. Qf4 Qa5 17. g4 Ne7 18. O-O Rc8 19. Kg2 Bb5 20. Qe3 Bxd3 21.
Qxd3 h6 22. f4 g6 23. hxg6 fxg6 24. f5 gxf5 25. gxf5 exf5 26. Rxf5+ Nxf5 27.
Qxf5+ Kg7 28. Qf6+ 1-0

[Event "XXX Memorial Edoardo Crespi B"]
[Site "Milano ITA"]
[Date "2009.12.07"]
[Round "6"]
[White "Bertazzoli, Giulio"]
[Black "Riekenbrauk, Joerg"]
[Result "1/2-1/2"]
[WhiteElo "1857"]
[BlackElo "1941"]
[PlyCount "46"]
[EventDate "2009.12.04"]

1. d4 f5 2. c4 Nf6 3. Nc3 g6 4. e3 Bg7 5. Nf3 d6 6. Be2 O-O 7. O-O Qe8 8. Qc2
e5 9. d5 Na6 10. a3 c6 11. dxc6 bxc6 12. b4 Nc7 13. Bb2 Bb7 14. Rfd1 d5 15.
cxd5 Nfxd5 16. Nxd5 Nxd5 17. Qb3 Kh8 18. Bc4 e4 19. Bxg7+ Kxg7 20. Qb2+ Kh6 21.
Nd4 Qe5 22. g3 g5 23. Qd2 Kg7 1/2-1/2

[Event "XXX Memorial Edoardo Crespi B"]
[Site "Milano ITA"]
[Date "2009.12.07"]
[Round "6"]
[White "Bisignano, Giuseppe"]
[Black "Murli, Almerico"]
[Result "1-0"]
[WhiteElo "1930"]
[BlackElo "1816"]
[PlyCount "125"]
[EventDate "2009.12.04"]

1. e4 g6 2. d4 Bg7 3. Nc3 c6 4. Nf3 d6 5. Bd3 Nf6 6. O-O O-O 7. h3 Nbd7 8. Bf4
Qa5 9. Bd2 Qc7 10. Qe2 e5 11. d5 Re8 12. Bc4 Nb6 13. dxc6 bxc6 14. Ng5 Nxc4 15.
Qxc4 Be6 16. Nxe6 Rxe6 17. Rfe1 Qb7 18. b4 d5 19. Qb3 Rd8 20. Na4 Ree8 21. Nc5
Qe7 22. Bg5 h6 23. Bh4 g5 24. Bg3 Nh5 25. Bh2 Nf4 26. Rad1 Ne6 27. Nd3 Nd4 28.
Qa4 Qb7 29. Bxe5 Bxe5 30. Nxe5 Nxc2 31. Qxc2 Rxe5 32. Qc3 Rde8 33. exd5 Rxe1+
34. Rxe1 Rxe1+ 35. Qxe1 cxd5 36. Qe8+ Kh7 37. a4 Kg7 38. b5 Qc7 39. Qe3 Qd7 40.
Qd4+ Kh7 41. Kf1 Qc7 42. Qxd5 Qc1+ 43. Ke2 Qc2+ 44. Ke3 Qxa4 45. Qxf7+ Kh8 46.
Qf6+ Kh7 47. Qa6 Qb3+ 48. Ke4 Qc4+ 49. Ke5 Qc7+ 50. Qd6 Qc3+ 51. Qd4 Qc7+ 52.
Ke6 Qb8 53. Qd7+ Kh8 54. Kf6 Qb6+ 55. Qc6 Qxf2+ 56. Kg6 Qf8 57. Qc3+ Kg8 58.
Qc4+ Kh8 59. Qd4+ Kg8 60. Qd5+ Kh8 61. Qe5+ Kg8 62. Qe6+ Kh8 63. Qf6+ 1-0

[Event "XXX Memorial Edoardo Crespi B"]
[Site "Milano ITA"]
[Date "2009.12.07"]
[Round "6"]
[White "Bossoni, Mario"]
[Black "Regorda, Vittorio"]
[Result "1-0"]
[WhiteElo "1971"]
[BlackElo "1865"]
[PlyCount "71"]
[EventDate "2009.12.04"]

1. e4 c6 2. d4 d5 3. exd5 cxd5 4. c4 Nf6 5. Nc3 Bf5 6. Nf3 e6 7. c5 Be7 8. Bd3
Bxd3 9. Qxd3 O-O 10. O-O Nc6 11. a3 Re8 12. b4 Nd7 13. Bf4 a6 14. Rfe1 Nf8 15.
Na4 Ng6 16. Bg3 Bh4 17. Nxh4 Nxh4 18. Rad1 Nf5 19. Qc3 Nxg3 20. hxg3 Qf6 21.
Nb6 Rad8 22. a4 Na7 23. Qb2 Nc8 24. Nxc8 Rxc8 25. b5 Rb8 26. Rc1 Qd8 27. Qd2
axb5 28. axb5 b6 29. c6 Qc7 30. Ra1 Rec8 31. Ra6 Qd8 32. Rea1 g5 33. Qe3 Qf6
34. Ra7 Qf5 35. c7 h6 36. cxb8=Q 1-0

[Event "XXX Memorial Edoardo Crespi B"]
[Site "Milano ITA"]
[Date "2009.12.07"]
[Round "6"]
[White "Cardani, Roberto"]
[Black "Olivieri, Alessandro"]
[Result "1-0"]
[WhiteElo "1960"]
[BlackElo "1800"]
[PlyCount "113"]
[EventDate "2009.12.04"]

1. e4 d6 2. d4 Nf6 3. Nc3 g6 4. Nf3 Bg7 5. Be2 O-O 6. O-O c6 7. a4 a5 8. h3 e5
9. Be3 Qe7 10. dxe5 dxe5 11. Qd2 Rd8 12. Bd3 Nbd7 13. Rfd1 Nc5 14. Qe2 Nxd3 15.
Rxd3 Be6 16. Rad1 Nh5 17. Rxd8+ Rxd8 18. Bb6 Rd7 19. Rxd7 Qxd7 20. Ng5 Nf4 21.
Qf1 Qd2 22. Nxe6 Nxe6 23. Qd1 Bh6 24. Qxd2 Bxd2 25. Nd1 Nd4 26. c3 Nb3 27. Kf1
Bg5 28. Ne3 Nd2+ 29. Ke2 Nxe4 30. Nc4 f6 31. Nxa5 Bc1 32. Nxb7 Bxb2 33. a5
Nxc3+ 34. Kd3 Nd5 35. Bc5 Nc7 36. Bb6 Na8 37. Nd8 Bd4 38. Bxd4 exd4 39. Kxd4
Kf8 40. Kc5 Ke8 41. Nxc6 Kd7 42. a6 Kc7 43. Nd4 Kd7 44. a7 h6 45. Nb5 f5 46. f4
g5 47. g3 g4 48. h4 h5 49. Nd4 Nc7 50. Nxf5 Ke6 51. Kc6 Na8 52. Kb7 Kxf5 53.
Kxa8 Ke4 54. Kb7 Kf3 55. a8=Q Kxg3 56. f5 Kxh4 57. f6 1-0

[Event "XXX Memorial Edoardo Crespi B"]
[Site "Milano ITA"]
[Date "2009.12.07"]
[Round "6"]
[White "Casartelli, Fabio"]
[Black "Attuati, Stefano"]
[Result "0-1"]
[WhiteElo "1908"]
[BlackElo "1801"]
[PlyCount "96"]
[EventDate "2009.12.04"]

1. d4 e6 2. Nd2 d5 3. Ngf3 f5 4. e3 Nf6 5. Be2 Bd6 6. c4 c6 7. b3 O-O 8. Bb2
Bd7 9. O-O Be8 10. Ne5 Nbd7 11. Qc2 Bg6 12. h3 Qe8 13. a3 Bh5 14. Ndf3 Ne4 15.
Nxd7 Qxd7 16. Ne5 Qe8 17. b4 g5 18. c5 Bc7 19. Qd1 Bxe2 20. Qxe2 a6 21. a4 Qe7
22. Rfc1 Rfb8 23. b5 axb5 24. axb5 Rxa1 25. Rxa1 Bxe5 26. dxe5 Qxc5 27. f3 Nc3
28. Qd3 Nxb5 29. Kh2 Qc4 30. Qxc4 dxc4 31. Rc1 c3 32. Bxc3 Nxc3 33. Rxc3 Rc8
34. Kg3 c5 35. Kf2 Kf7 36. Ke2 c4 37. Rc1 b5 38. Kd2 Rd8+ 39. Ke2 Rb8 40. g3
Ke7 41. Kd2 Kd7 42. Kc3 Kc6 43. Rd1 Kc5 44. Rd7 b4+ 45. Kb2 Ra8 46. Rxh7 c3+
47. Kb1 Kc4 48. Rc7+ Kb3 0-1

[Event "XXX Memorial Edoardo Crespi B"]
[Site "Milano ITA"]
[Date "2009.12.07"]
[Round "6"]
[White "Ciciotti, Augusto"]
[Black "Chiesa, Matteo"]
[Result "0-1"]
[WhiteElo "1878"]
[BlackElo "1839"]
[PlyCount "58"]
[EventDate "2009.12.04"]

1. d4 Nf6 2. c4 g6 3. Nc3 Bg7 4. Nf3 d6 5. e4 c5 6. d5 O-O 7. Be2 Na6 8. O-O
Nc7 9. a4 Rb8 10. Qc2 Na6 11. Bd2 Nb4 12. Qb1 a6 13. Na2 Nxa2 14. Rxa2 Bd7 15.
Bc3 e5 16. b4 b6 17. Qc2 Nh5 18. Re1 f5 19. exf5 Bxf5 20. Qd2 Nf4 21. g3 Nh3+
22. Kg2 e4 23. Nh4 Bd7 24. f4 Nxf4+ 25. Kh1 Bh3 26. Bxg7 Kxg7 27. Bf1 Bxf1 28.
Rxf1 Nd3 29. Rxf8 Qxf8 0-1

[Event "XXX Memorial Edoardo Crespi B"]
[Site "Milano ITA"]
[Date "2009.12.07"]
[Round "6"]
[White "Colombo, Luca"]
[Black "Casamassima, Paolo"]
[Result "1-0"]
[WhiteElo "1886"]
[BlackElo "1747"]
[PlyCount "93"]
[EventDate "2009.12.04"]

1. e4 c5 2. Nc3 d6 3. d3 Nc6 4. g3 Nf6 5. Bg2 e6 6. Nge2 Be7 7. h3 a6 8. Be3
Qc7 9. O-O O-O 10. f4 d5 11. exd5 exd5 12. Nxd5 Nxd5 13. Bxd5 Bxh3 14. Bg2 Bg4
15. Qd2 Rad8 16. Nc3 Qa5 17. Qf2 c4 18. Bxc6 bxc6 19. dxc4 Bf6 20. Bb6 Qxb6 21.
Qxb6 Bd4+ 22. Qxd4 Rxd4 23. b3 h5 24. Rae1 Rd2 25. Rf2 Rfd8 26. Nb1 Rd1 27.
Rxd1 Rxd1+ 28. Rf1 Rxf1+ 29. Kxf1 Bf5 30. Na3 f6 31. Kf2 Kf7 32. Ke3 Ke6 33. c3
Kd6 34. b4 g5 35. c5+ Kd5 36. c4+ Ke6 37. b5 axb5 38. cxb5 cxb5 39. c6 b4 40.
Nb5 Kd5 41. c7 Kc4 42. Nd6+ Kc3 43. Nxf5 Kb2 44. c8=Q Kxa2 45. Qc2+ Ka3 46. Nd4
gxf4+ 47. gxf4 1-0

[Event "XXX Memorial Edoardo Crespi B"]
[Site "Milano ITA"]
[Date "2009.12.07"]
[Round "6"]
[White "Fornasir, Carlo Gustavo"]
[Black "Palmieri, Giovanni"]
[Result "1-0"]
[WhiteElo "1896"]
[BlackElo "1764"]
[PlyCount "59"]
[EventDate "2009.12.04"]

1. e4 e6 2. d4 d5 3. Nc3 Bb4 4. e5 c5 5. a3 Ba5 6. dxc5 Bxc3+ 7. bxc3 Nc6 8.
Bb5 Nge7 9. Be3 O-O 10. Bxc6 Nxc6 11. Bd4 Qg5 12. g3 Bd7 13. f4 Qf5 14. Nf3 Qh3
15. Kf2 h6 16. Qd3 Ne7 17. Rhg1 Qg4 18. h3 Qxh3 19. g4 Ng6 20. Rg3 Nxf4 21. Qd2
Qxg3+ 22. Kxg3 Ng6 23. Qh2 f5 24. exf6 e5 25. fxg7 Rxf3+ 26. Kxf3 exd4 27. Qxh6
Ne5+ 28. Kg3 Nf7 29. Qf6 Re8 30. Rh1 1-0

[Event "XXX Memorial Edoardo Crespi B"]
[Site "Milano ITA"]
[Date "2009.12.07"]
[Round "6"]
[White "Guzzetti, Luigi Enrico"]
[Black "Bernago, Federico"]
[Result "1/2-1/2"]
[WhiteElo "1856"]
[BlackElo "1960"]
[PlyCount "73"]
[EventDate "2009.12.04"]

1. e4 c5 2. Nf3 e6 3. d4 cxd4 4. Nxd4 a6 5. Nc3 Qc7 6. Be2 Nf6 7. a3 d6 8. Be3
Nbd7 9. O-O b5 10. f3 Bb7 11. Qe1 Rc8 12. Qf2 d5 13. exd5 Bxd5 14. a4 b4 15.
Nxd5 Nxd5 16. Bxa6 Nxe3 17. Qxe3 Rb8 18. Kh1 Qa7 19. Bb5 Bc5 20. Bxd7+ Qxd7 21.
Qe5 Qd6 22. Qxd6 Bxd6 23. Nb5 Be5 24. c3 bxc3 25. bxc3 Ke7 26. Nd4 Bxd4 27.
cxd4 Rb4 28. a5 Ra8 29. Rfc1 Ra7 30. Kg1 Rxd4 31. Rc5 Rd5 32. Rxd5 exd5 33. Kf2
Kd6 34. Ke3 Kc5 35. Kd3 Ra6 36. Rc1+ Kd6 37. Ra1 1/2-1/2

[Event "XXX Memorial Edoardo Crespi B"]
[Site "Milano ITA"]
[Date "2009.12.07"]
[Round "6"]
[White "Illyuviev, Oleg"]
[Black "Quagliarella, Sabino Remo"]
[Result "1/2-1/2"]
[WhiteElo "2000"]
[BlackElo "1886"]
[PlyCount "44"]
[EventDate "2009.12.04"]

1. c4 e5 2. Nc3 Nf6 3. Nf3 Nc6 4. e3 Be7 5. Nd5 d6 6. Qc2 Be6 7. Nxe7 Qxe7 8.
Be2 h6 9. a3 a5 10. b3 O-O 11. Bb2 Rfe8 12. d4 exd4 13. Nxd4 Nxd4 14. Bxd4 c5
15. Bc3 d5 16. Bxf6 Qxf6 17. O-O Bf5 18. Bd3 Bxd3 19. Qxd3 d4 20. exd4 cxd4 21.
Rad1 Rad8 22. Rd2 Qd6 1/2-1/2

[Event "XXX Memorial Edoardo Crespi B"]
[Site "Milano ITA"]
[Date "2009.12.07"]
[Round "6"]
[White "Krstic, Dragan"]
[Black "Orsi, Matteo"]
[Result "0-1"]
[WhiteElo "1810"]
[BlackElo "1960"]
[PlyCount "138"]
[EventDate "2009.12.04"]

1. e4 c6 2. d4 d5 3. Nc3 dxe4 4. Nxe4 Bf5 5. Ng3 Bg6 6. Nf3 Nd7 7. Bd3 e6 8.
O-O Qc7 9. Re1 O-O-O 10. Ne4 Bxe4 11. Rxe4 Ngf6 12. Re1 h6 13. h3 g5 14. Qe2 g4
15. hxg4 Nxg4 16. c4 h5 17. d5 Nde5 18. Be4 Bb4 19. Rd1 Nxf3+ 20. Qxf3 f5 21.
Bf4 Bd6 22. Bxd6 Qxd6 23. Bd3 Qh2+ 24. Kf1 Ne5 25. Qh3 Qxh3 26. gxh3 Nxd3 27.
Rxd3 exd5 28. cxd5 Rxd5 29. Rxd5 cxd5 30. Rd1 Rd8 31. Rd4 Kc7 32. Ke2 Kd6 33.
Kf3 Ke5 34. Rd3 d4 35. a3 Rc8 36. Rd2 Rd8 37. Re2+ Kf6 38. Kf4 d3 39. Rd2 Rd4+
40. Ke3 Rh4 41. Kxd3 Rxh3+ 42. Ke2 Rb3 43. Kf1 Kg5 44. Kg2 Kg4 45. Rc2 h4 46.
Kh2 Kf4 47. Kg2 b5 48. Rd2 Ke4 49. Kh2 f4 50. Kg2 a5 51. Kh2 Rd3 52. Rc2 Kd4
53. Kg2 Rb3 54. Rd2+ Kc4 55. Rc2+ Kd3 56. Rc5 Rxb2 57. Kf3 Kd4 58. Rh5 Kc4 59.
Rxh4 Rb3+ 60. Kxf4 Rxa3 61. Ke5+ Kc5 62. f4 Re3+ 63. Kf6 a4 64. Rh5+ Kc4 65.
Rh1 a3 66. Rc1+ Rc3 67. Rh1 Kb3 68. Ke5 Kb2 69. Kd4 Rc4+ 0-1

[Event "XXX Memorial Edoardo Crespi B"]
[Site "Milano ITA"]
[Date "2009.12.07"]
[Round "6"]
[White "Lancianese, Giuseppe"]
[Black "Acunzo, Domenico"]
[Result "1/2-1/2"]
[WhiteElo "1786"]
[BlackElo "1808"]
[PlyCount "53"]
[EventDate "2009.12.04"]

1. d4 e6 2. c4 d5 3. Nc3 c6 4. cxd5 exd5 5. Nf3 f5 6. Ne5 Nf6 7. Nd3 Be7 8. Bf4
Nbd7 9. e3 O-O 10. Be2 Ne4 11. O-O Ndf6 12. Ne5 Nxc3 13. bxc3 Ne4 14. Qc2 g5
15. f3 Nd6 16. Bg3 f4 17. Bf2 fxe3 18. Bxe3 Nf5 19. Bf2 Bd6 20. Bd3 Qc7 21.
Rae1 c5 22. Re2 c4 23. Bxf5 Bxf5 24. Qd2 h6 25. h3 b5 26. h4 Qg7 27. Kh1
1/2-1/2

[Event "XXX Memorial Edoardo Crespi B"]
[Site "Milano ITA"]
[Date "2009.12.07"]
[Round "6"]
[White "Lanni, Vincenzo"]
[Black "Villalba, Fernando"]
[Result "1-0"]
[WhiteElo "1803"]
[BlackElo "1913"]
[PlyCount "81"]
[EventDate "2009.12.04"]

1. d4 Nf6 2. g3 e6 3. Bg2 d5 4. Nf3 Be7 5. O-O O-O 6. c3 c5 7. Nbd2 cxd4 8.
Nxd4 Nc6 9. Nxc6 bxc6 10. Qc2 e5 11. e4 Ba6 12. Re1 Ng4 13. Bf1 Qb6 14. Nb3 Bc4
15. h3 Bxb3 16. axb3 Nf6 17. exd5 cxd5 18. Rxe5 Bd6 19. Rf5 Qc7 20. Bf4 Bxf4
21. Rxf4 Rfe8 22. Qd2 Rad8 23. Bg2 Ne4 24. Bxe4 dxe4 25. Qe3 Rd3 26. Qxa7 Rd1+
27. Kg2 Qxa7 28. Rxa7 g5 29. Rfxf7 e3 30. fxe3 Rxe3 31. Rfd7 Re2+ 32. Kf3 Rxd7
33. Rxd7 Rxb2 34. b4 Rc2 35. Rc7 Rc1 36. c4 h5 37. b5 Rc3+ 38. Ke4 Rb3 39. Kf5
Rxg3 40. b6 g4 41. hxg4 1-0

[Event "XXX Memorial Edoardo Crespi B"]
[Site "Milano ITA"]
[Date "2009.02.07"]
[Round "6"]
[White "Margstahler, Francesco"]
[Black "Gaggino, Davide"]
[Result "1/2-1/2"]
[WhiteElo "1800"]
[BlackElo "1963"]
[PlyCount "54"]
[EventDate "2009.12.04"]

1. e4 d6 2. d4 Nf6 3. Nc3 c6 4. Nf3 Bg4 5. Be2 Qa5 6. O-O Nbd7 7. h3 Bh5 8. Bf4
e5 9. dxe5 dxe5 10. Bg5 Qc7 11. a3 Be7 12. Nd2 Bg6 13. Bc4 h6 14. Be3 Nc5 15.
f3 Nh5 16. Ne2 b5 17. Ba2 Rd8 18. Qc1 O-O 19. b4 Ne6 20. Bxe6 fxe6 21. Nb3 Nf4
22. Nxf4 exf4 23. Bf2 e5 24. Nc5 Bf7 25. Rd1 Rxd1+ 26. Qxd1 Rd8 27. Qe1 a5
1/2-1/2

[Event "XXX Memorial Edoardo Crespi B"]
[Site "Milano ITA"]
[Date "2009.12.07"]
[Round "6"]
[White "Memarian, Milad"]
[Black "Formento, Paolo"]
[Result "1/2-1/2"]
[WhiteElo "1962"]
[BlackElo "1779"]
[PlyCount "45"]
[EventDate "2009.12.04"]

1. Nf3 Nf6 2. c4 c5 3. Nc3 Nc6 4. g3 g6 5. Bg2 Bg7 6. O-O O-O 7. d3 d5 8. cxd5
Nxd5 9. Bd2 e6 10. Rc1 Qe7 11. Qb3 Rd8 12. a3 b6 13. Qa4 Bb7 14. b4 Nxc3 15.
Bxc3 Nd4 16. Nxd4 cxd4 17. Bxb7 Qxb7 18. Bd2 Rac8 19. Rxc8 Rxc8 20. Rc1 Rxc1+
21. Bxc1 b5 22. Qa5 Bf6 23. a4 1/2-1/2

[Event "XXX Memorial Edoardo Crespi B"]
[Site "Milano ITA"]
[Date "2009.12.07"]
[Round "6"]
[White "Mouflih, Caesar Faycal"]
[Black "Bisignano, Riccardo"]
[Result "1-0"]
[WhiteElo "1843"]
[BlackElo "1937"]
[PlyCount "79"]
[EventDate "2009.12.04"]

1. e4 c5 2. Nf3 a6 3. d4 cxd4 4. Nxd4 e5 5. Nb3 Nf6 6. Nc3 Bb4 7. Bd3 O-O 8.
O-O Bxc3 9. bxc3 d5 10. exd5 Qxd5 11. c4 Qd8 12. Bb2 Nc6 13. f4 Ng4 14. Qe1
exf4 15. Rxf4 Qg5 16. Qg3 h6 17. h4 Qh5 18. Be2 f5 19. Raf1 Qg6 20. Bxg4 h5 21.
Nc5 hxg4 22. Ne4 Be6 23. Ng5 Ne5 24. Qc3 Nxc4 25. Nxe6 Nxb2 26. Nxf8 Qb6+ 27.
Kh2 Rxf8 28. Qb3+ Qxb3 29. axb3 Rc8 30. R4f2 Rd8 31. Rxf5 Nd1 32. Rc5 Rd7 33.
Re1 Nf2 34. Kg3 Rf7 35. Re2 Nd1 36. Kxg4 Nf2+ 37. Kg5 Nh1 38. Re8+ Rf8 39.
Rxf8+ Kxf8 40. Rc7 1-0

[Event "XXX Memorial Edoardo Crespi B"]
[Site "Milano ITA"]
[Date "2009.12.07"]
[Round "6"]
[White "Olivo, Mario"]
[Black "Petrone, Gianmario"]
[Result "1-0"]
[WhiteElo "1827"]
[BlackElo "1736"]
[PlyCount "85"]
[EventDate "2009.12.04"]

1. c4 c5 2. Nc3 Nc6 3. Nf3 Nf6 4. e3 d6 5. d4 Bf5 6. d5 Nb4 7. Qa4+ Bd7 8. Qb3
Bf5 9. Qa4+ Qd7 10. Qxd7+ Kxd7 11. Kd2 Ne4+ 12. Nxe4 Bxe4 13. Ne1 e5 14. dxe6+
fxe6 15. a3 Nc6 16. b3 Be7 17. Bd3 Bxd3 18. Nxd3 Bf6 19. Rb1 a5 20. a4 Rhf8 21.
f3 Rf7 22. Bb2 Bxb2 23. Rxb2 Raf8 24. Ke2 Ke7 25. Rd2 Rd8 26. Rhd1 g5 27. Nf2
Na7 28. Ne4 Nc8 29. Nxc5 b6 30. Ne4 h6 31. Nc3 Na7 32. e4 Rff8 33. Ke3 Rg8 34.
g3 Rgf8 35. f4 g4 36. Rf1 Rf7 37. Rdf2 Rdf8 38. f5 h5 39. fxe6 Rxf2 40. Rxf2
Rxf2 41. Nd5+ Kxe6 42. Kxf2 Nc8 43. Ke3 1-0

[Event "XXX Memorial Edoardo Crespi B"]
[Site "Milano ITA"]
[Date "2009.12.07"]
[Round "6"]
[White "Paganini, Andrea"]
[Black "Cartella, Giovanni"]
[Result "0-1"]
[WhiteElo "1753"]
[BlackElo "1872"]
[PlyCount "38"]
[EventDate "2009.12.04"]

1. e4 c5 2. d4 cxd4 3. c3 dxc3 4. Nxc3 d6 5. Nf3 Nc6 6. Bc4 e6 7. O-O Be7 8.
Qe2 a6 9. Rd1 Qc7 10. Bf4 Ne5 11. Bxe5 dxe5 12. Rac1 Kf8 13. Bb3 Qb8 14. Na4 b5
15. Nc5 Nf6 16. Rc3 g6 17. h3 Kg7 18. Nd3 Nd7 19. Ng5 Bxg5 0-1

[Event "XXX Memorial Edoardo Crespi B"]
[Site "Milano ITA"]
[Date "2009.12.07"]
[Round "6"]
[White "Papa, Angelo"]
[Black "Gonella, Daniele"]
[Result "0-1"]
[WhiteElo "1890"]
[BlackElo "1856"]
[PlyCount "70"]
[EventDate "2009.12.04"]

1. d4 d5 2. Nf3 c6 3. c4 e6 4. cxd5 exd5 5. Nc3 Bd6 6. Bg5 f6 7. Bh4 Ne7 8. e3
O-O 9. Bd3 Bf5 10. Bg3 Qd7 11. Bxd6 Qxd6 12. O-O Bxd3 13. Qxd3 Nd7 14. b4 Nb6
15. Rfb1 Nc4 16. a4 f5 17. Nd2 Nxd2 18. Qxd2 a6 19. a5 Rae8 20. Na4 Nc8 21. Nc5
Qc7 22. Rc1 Nd6 23. Nd3 Nc4 24. Qc3 Re7 25. Nb2 Nxb2 26. Qxb2 f4 27. Ra3 f3 28.
Qc2 Qd7 29. Qd3 fxg2 30. Rac3 Ref7 31. R1c2 Qe7 32. Rb3 Rf3 33. Rbb2 Qh4 34.
Kxg2 Qh3+ 35. Kh1 R8f5 0-1

[Event "XXX Memorial Edoardo Crespi B"]
[Site "Milano ITA"]
[Date "2009.12.07"]
[Round "6"]
[White "Paulovich, Adriano"]
[Black "Carbone, Lorenzo"]
[Result "0-1"]
[WhiteElo "1773"]
[BlackElo "1808"]
[PlyCount "76"]
[EventDate "2009.12.04"]

1. e4 c5 2. Nf3 d6 3. d4 cxd4 4. Nxd4 Nf6 5. Nc3 a6 6. Bc4 e6 7. O-O Be7 8. Be3
O-O 9. f3 Qc7 10. Bb3 b5 11. a3 Bb7 12. Kh1 Nc6 13. Qe2 Rac8 14. Nxc6 Bxc6 15.
Rad1 d5 16. exd5 Nxd5 17. Nxd5 Bxd5 18. Bxd5 exd5 19. c3 Qc4 20. Qf2 Bf6 21.
Bd4 Rc6 22. Bxf6 Rxf6 23. Rd4 Qc6 24. Rfd1 Rd8 25. Qg3 Re6 26. Rxd5 Rxd5 27.
Rxd5 Qe8 28. h3 h6 29. Rd6 Re1+ 30. Kh2 Qe3 31. Qg4 Qe5+ 32. Qg3 Rh1+ 33. Kxh1
Qxg3 34. Rxa6 Qf2 35. b4 Qe1+ 36. Kh2 Qxc3 37. Kg3 g6 38. Ra5 Qc4 0-1

[Event "XXX Memorial Edoardo Crespi B"]
[Site "Milano ITA"]
[Date "2009.12.07"]
[Round "6"]
[White "Perrotta, Leopoldo"]
[Black "Reale, Simone"]
[Result "0-1"]
[WhiteElo "1843"]
[BlackElo "1826"]
[PlyCount "72"]
[EventDate "2009.12.04"]

1. d4 Nf6 2. c4 e5 3. dxe5 Ng4 4. Nf3 Bc5 5. e3 Nc6 6. a3 a5 7. Nc3 O-O 8. Be2
Ngxe5 9. Nxe5 Nxe5 10. b3 Re8 11. Bb2 Ra6 12. Qd5 Qe7 13. Na4 Ba7 14. Qxe5 Qxe5
15. Bxe5 Rxe5 16. Rd1 Rae6 17. Rd5 Re8 18. Rxe5 Rxe5 19. O-O d6 20. Rd1 Bf5 21.
Nc3 Bc5 22. Nd5 c6 23. b4 Ba7 24. Nc3 Re6 25. Kf1 f6 26. Rd2 axb4 27. axb4 Kf8
28. Bf3 Ke7 29. e4 Bg6 30. Bg4 Re5 31. f4 Be3 32. fxe5 Bxd2 33. exf6+ Kxf6 34.
Nb1 Bxb4 35. Bf3 Bf7 36. Be2 Ke5 0-1

[Event "XXX Memorial Edoardo Crespi B"]
[Site "Milano ITA"]
[Date "2009.12.07"]
[Round "6"]
[White "Pescatore, Lorenzo"]
[Black "Pepe, Mario"]
[Result "1/2-1/2"]
[WhiteElo "1900"]
[BlackElo "2039"]
[PlyCount "80"]
[EventDate "2009.12.04"]

1. e4 Nf6 2. e5 Nd5 3. c4 Nb6 4. c5 Nd5 5. Nc3 e6 6. Nxd5 exd5 7. d4 d6 8. cxd6
cxd6 9. Nf3 Bg4 10. Qb3 Bxf3 11. Qxb7 Nd7 12. gxf3 dxe5 13. Bb5 Bb4+ 14. Kd1
Rb8 15. Bxd7+ Ke7 16. Qxd5 Qxd7 17. Qxe5+ Qe6 18. Qxe6+ fxe6 19. Bf4 Rbf8 20.
Bg5+ Kd6 21. Ke2 Kd5 22. Rhg1 Bd6 23. h3 Rf5 24. Be3 g6 25. Rg5 Rb8 26. b3 Rb7
27. Rxf5+ gxf5 28. Rg1 a5 29. Kd3 a4 30. Rb1 Rb4 31. f4 Rb7 32. f3 a3 33. Rg1
Rc7 34. h4 Bb4 35. Rc1 Rg7 36. Rg1 Rxg1 37. Bxg1 h5 38. Bf2 Bd6 39. Kc3 Bxf4
40. Kb4 Bc1 1/2-1/2

[Event "XXX Memorial Edoardo Crespi B"]
[Site "Milano ITA"]
[Date "2009.12.07"]
[Round "6"]
[White "Piantoni, Pierino"]
[Black "Fiorili, Roberto"]
[Result "1-0"]
[WhiteElo "1939"]
[BlackElo "1902"]
[PlyCount "51"]
[EventDate "2009.12.04"]

1. c4 c5 2. Nf3 Nc6 3. Nc3 Nf6 4. g3 g6 5. Bg2 Bg7 6. O-O O-O 7. e3 d5 8. d4
cxd4 9. Nxd5 dxe3 10. Bxe3 e6 11. Nc3 Qe7 12. Qc1 Bd7 13. Bh6 Rac8 14. b3 Rfd8
15. Bxg7 Kxg7 16. Qb2 Kg8 17. a3 a6 18. Rfe1 Be8 19. Rad1 Rxd1 20. Nxd1 Rd8 21.
Ne3 Nb8 22. Nd5 Nxd5 23. cxd5 Rxd5 24. Ne5 Rd8 25. Ng4 Bc6 26. Nh6+ 1-0